<?xml version="1.0" encoding="UTF-8"?>
<record
    xmlns:xsi="http://www.w3.org/2001/XMLSchema-instance"
    xsi:schemaLocation="http://www.loc.gov/MARC21/slim http://www.loc.gov/standards/marcxml/schema/MARC21slim.xsd"
    xmlns="http://www.loc.gov/MARC21/slim">

  <leader>00524nam a22001697a 4500</leader>
  <datafield tag="999" ind1=" " ind2=" ">
    <subfield code="c">523691</subfield>
    <subfield code="d">523691</subfield>
  </datafield>
  <controlfield tag="003">NUST</controlfield>
  <datafield tag="038" ind1=" " ind2=" ">
    <subfield code="a">waseem</subfield>
  </datafield>
  <datafield tag="082" ind1=" " ind2=" ">
    <subfield code="a">891.43917</subfield>
    <subfield code="b">FAI</subfield>
  </datafield>
  <datafield tag="100" ind1=" " ind2=" ">
    <subfield code="a">Shiekh Abdul Rasheed</subfield>
    <subfield code="9">14464</subfield>
  </datafield>
  <datafield tag="245" ind1=" " ind2=" ">
    <subfield code="a">Faiz Ahmed Faiz Insani Iqdar Ka Azeem Shair /</subfield>
    <subfield code="c">Shiekh Abdul Rasheed</subfield>
  </datafield>
  <datafield tag="260" ind1=" " ind2=" ">
    <subfield code="a">Gujrat :</subfield>
    <subfield code="b">U.O.G Press,</subfield>
    <subfield code="c">2012.</subfield>
  </datafield>
  <datafield tag="300" ind1=" " ind2=" ">
    <subfield code="a">288 p. ;</subfield>
  </datafield>
  <datafield tag="500" ind1=" " ind2=" ">
    <subfield code="a">Hardcover.</subfield>
  </datafield>
  <datafield tag="880" ind1=" " ind2=" ">
    <subfield code="6">100-02\r</subfield>
    <subfield code="a">&#x634;&#x6CC;&#x62E; &#x627;&#x62D;&#x645;&#x62F; &#x634;&#x6CC;&#x62E;</subfield>
  </datafield>
  <datafield tag="880" ind1=" " ind2=" ">
    <subfield code="6">245-02\r</subfield>
    <subfield code="a">&#x641;&#x6CC;&#x636; &#x627;&#x62D;&#x645;&#x62F; &#x641;&#x6CC;&#x636; &#x627;&#x646;&#x633;&#x627;&#x646;&#x6CC; &#x627;&#x642;&#x62F;&#x627;&#x631;&#x6A9;&#x627; &#x639;&#x638;&#x6CC;&#x645; &#x634;&#x627;&#x639;&#x631; /</subfield>
  </datafield>
  <datafield tag="942" ind1=" " ind2=" ">
    <subfield code="2">ddc</subfield>
    <subfield code="c">BK</subfield>
  </datafield>
  <datafield tag="952" ind1=" " ind2=" ">
    <subfield code="0">0</subfield>
    <subfield code="1">0</subfield>
    <subfield code="2">ddc</subfield>
    <subfield code="4">0</subfield>
    <subfield code="7">0</subfield>
    <subfield code="a">CL</subfield>
    <subfield code="b">CL</subfield>
    <subfield code="d">2019-05-21</subfield>
    <subfield code="l">2</subfield>
    <subfield code="m">4</subfield>
    <subfield code="o">891.43917 FAI</subfield>
    <subfield code="p">CL-E-1255</subfield>
    <subfield code="r">2023-06-15</subfield>
    <subfield code="s">2020-03-09</subfield>
    <subfield code="w">2019-05-21</subfield>
    <subfield code="y">BK</subfield>
  </datafield>
</record>
